Statistics for The Witcher 3 - All Gwent Cards

Click here to take the quiz!

General Stats

  • This quiz has been taken 313 times
  • The average score is 42 of 158

Answer Stats

Card FactionCard Name% Correct
Neutral (Hero)Geralt of Rivia
99%
Neutral (Hero)Cirilla Fiona Elen Riannon
96%
Neutral (Hero)Yennefer of Vengerberg
95%
Neutral (Hero)Triss Merigold
93%
Northern RealmsVes
76%
Northern Realms (Hero)Vernon Roche
73%
Northern RealmsSigismund Dijkstra
69%
NeutralZoltan Chivay
69%
NeutralDandelion
68%
NeutralVesemir
68%
Neutral (x3)Torrential Rain
59%
Neutral (x3)Impenetrable Fog
56%
Northern Realms (x3)*Poor Infantry
55%
Northern RealmsKeira Metz
53%
Northern Realms (x2)Catapult
51%
Neutral (Hero)Avallac'h
50%
Northern Realms (Hero)Philippa Eilhart
50%
Neutral (x3)Biting Frost
49%
Northern RealmsThaler
49%
MonstersVampire: Bruxa
49%
Nilfgaard (Hero)Letho of Gulet
48%
Neutral (x3)Commander's Horn
46%
NeutralGaunter O'Dimm
46%
Monsters (x3)Nekker
46%
Skellige (Hero)Cerys
45%
NeutralEmiel Regis Rohellec Terzieff
45%
Monsters (x3)Ghoul
43%
Scoia'tael (Hero)Iorveth
43%
Skellige (Hero)Hjalmar
42%
Neutral (x3)Decoy
41%
Northern Realms (x2)Trebuchet
41%
Northern Realms (x2)Ballista
40%
Neutral (x3)Scorch
40%
Monsters (Hero)Imlerith
39%
Northern Realms (x3)Blue Stripes Commando
38%
Northern Realms (Hero)John Natalis
38%
NilfgaardFringilla Vigo
37%
Neutral (x3)Clear Weather
36%
MonstersCrone: Brewess
36%
Scoia'tael (Hero)Saesenthessis
36%
MonstersCrone: Weavess
35%
MonstersVampire: Katakan
35%
Northern RealmsPrince Stennis
34%
Northern RealmsYarpen Zigrin
33%
MonstersCrone: Whispess
32%
Monsters (Hero)Leshen
31%
NeutralCow (Bovine Defense Force)
30%
MonstersGriffin
30%
Northern RealmsSabrina Glevissig
30%
Northern RealmsSiege Tower
30%
NeutralVillentretenmerth
30%
MonstersWerewolf
30%
Northern Realms (x3)Crinfrid Reavers Dragon Hunter
29%
Skellige (Hero)Ermion
29%
NilfgaardStefan Skellen
29%
Monsters (3)Arachas
28%
MonstersVampire: Fleder
28%
Nilfgaard (Hero)Morvran Voorhis
27%
Nilfgaard (x2)Black Infantry Archer
26%
NilfgaardCahir Mawr Dyffryn aep Ceallach
26%
Northern Realms (Hero)Esterad Thyssen
26%
MonstersHarpy
26%
MonstersFiend
25%
Scoia'taelMilva
25%
NeutralOlgierd von Everec
25%
Northern RealmsSile de Tansarville
25%
MonstersWyvern
25%
Monsters (Hero)Draug
24%
Scoia'tael (Hero)Eithne
24%
Neutral (x3)Gaunter O'Dimm: Darkness
24%
Monsters (Hero)Kayran
24%
MonstersVampire: Garkain
24%
MonstersFire Elemental
23%
Scoia'tael (Hero)Isengrim Faoiltiarna
23%
Northern Realms (x2)Redanian Foot Soldier
22%
SkelligeBlueboy Lugos
21%
Skellige (x3)Clan Drummond Shield Maiden
21%
Northern RealmsDethmold
21%
SkelligeMadman Lugos
21%
Nilfgaard (Hero)Menno Coehoorn
21%
MonstersVampire: Ekimmara
21%
MonstersEarth Elemental
20%
MonstersIce Giant
20%
SkelligeBerserker (Transformed Vildkaarl)
19%
MonstersBotchling
19%
Northern RealmsDun Banner Medic
19%
Northern Realms (x3)Kaedweni Siege Expert
19%
MonstersToad
19%
Scoia'tael (x3)Dwarven Skirmisher
18%
MonstersFoglet
18%
Nilfgaard (Hero)Tibor Eggebracht
18%
NilfgaardVattier de Rideaux
18%
Nilfgaard (2)Young Emissary
18%
MonstersArachas Behemoth
17%
SkelligeBirna Bran
17%
NilfgaardCynthia
17%
Scoia'tael (x3)Elven Skirmisher
17%
NilfgaardShilard Fitz-Oesterlan
17%
Skellige (x3)Skellige Storm
17%
MonstersCockatrice
16%
MonstersForktail
16%
Scoia'tael (x3)Havekar Healer
16%
Scoia'tael (x3)Havekar Smuggler
16%
Skellige (x3)Mardroeme
16%
NilfgaardRotten Mangonel
16%
Scoia'taelYaevinn
16%
Scoia'taelFilavandrel aen Fidhail
15%
Scoia'tael (x5)Mahakaman Defender
15%
NilfgaardZerrikanian Fire Scorpion
15%
Scoia'taelToruviel
14%
MonstersEndrega
13%
MonstersFrightener
13%
MonstersGrave Hag
13%
NilfgaardHeavy Zerrikanian Fire Scorpion
13%
NilfgaardRainfarn
13%
Northern RealmsSheldon Skaggs
13%
Skellige (x3)Young Berserker (Transformed Young Vildkaarl)
13%
SkelligeKambi (Hemdall)
12%
SkelligeOlaf
12%
MonstersPlague Maiden
12%
NilfgaardAssire Var Anahid
11%
Scoia'taelBarclay Els
11%
Skellige (x3)Clan an Craite Warrior
11%
SkelligeDonar an Hindar
11%
Scoia'taelIda Emean aep Sivney
11%
NilfgaardPuttkammer
11%
NilfgaardSiege Engineer
11%
NilfgaardSiege Technician
11%
Northern RealmsSiegfried of Denesle
11%
SkelligeSvanrige
11%
NilfgaardAlbrich
10%
Skellige (x3)Clan Brokvar Archer
10%
Scoia'taelDennis Cranmer
10%
MonstersGargoyle
10%
SkelligeUdalryk
10%
SkelligeDraig Bon-Dhu
9%
Nilfgaard (x2)Etolian Auxiliary Archers
9%
SkelligeHolger Blackhand
9%
Skellige (x3)Light Longship
9%
Scoia'taelRiordain
9%
Scoia'taelSchirru
9%
NilfgaardVreemde
9%
Skellige (x3)War Longship
9%
MonstersCelaeno Harpy
8%
Scoia'taelCiaran aep Easnillien
8%
SkelligeClan Dimun Pirate
8%
Scoia'tael (x3)Dol Blathanna Scout
8%
Nilfgaard (x3)Nausicaa Cavalry Rider
8%
Scoia'tael (x2)Vrihedd Brigade Veteran
8%
Nilfgaard (x4)Impera Brigade Guard
7%
NilfgaardMorteisen
7%
NilfgaardSweers
7%
SkelligeClan Heymaey Skald
6%
Scoia'taelDol Blathanna Archer
6%
Scoia'taelVrihedd Brigade Recruit
6%
NilfgaardRenuald aep Matsen
5%
SkelligeClan Tordarroch Armorsmith
4%
NilfgaardVanhemar
4%

Score Distribution

Percentile by Number Answered

Percent of People with Each Score

Your Score History

You have not taken this quiz